| 000 | 00589nam a2200169Ia 4500 | ||
|---|---|---|---|
| 003 | GCL | ||
| 008 | 140319s9999 xx 000 0 ara d | ||
| 040 |
_aGCL / _cGCL |
||
| 082 | 0 | 4 |
_a226.2 _bش ا |
| 100 | 1 | _aعبدالغنى عبدالخالق | |
| 245 | 1 | 0 |
_aاحكام القران / _cعبدالغنى عبدالخالق |
| 700 | 1 | _aالبيهقى، احمد بن الحسين، 994-1066 م | |
| 700 | 1 | _aالكوثرى, محمد زاهد بن الحسن (ج | |
| 700 | 1 | _aالشافعى، ابوعبدالله محمد بن ادريس، 767-819 م | |
| 300 | _a245 ص | ||
| 490 | _a | ||
| 999 |
_c37812 _d37812 |
||